MARC

LEADER 00000nam0a2200000 4500
001 281494
005 20231101235416.0
020 |a RU  |b 86-37124 
035 |a (RuTPU)RU\TPU\book\305261 
090 |a 281494 
100 |a 20150122d1986 m y0rusy5003 ca 
101 0 |a rus 
102 |a RU 
105 |a y z 000zy 
200 1 |a Быть мудрым без бога!... 
210 |a Москва  |c Московский рабочий  |d 1986 
215 |a 240 с. 
225 1 |a Юность: твой большой мир 
606 1 |a Молодежь  |x Атеистическое воспитание  |2 stltpush  |3 (RuTPU)RU\TPU\subj\44345  |9 63694 
606 1 |a Суеверия и предрассудки  |2 stltpush  |3 (RuTPU)RU\TPU\subj\58250  |9 76057 
610 1 |a атеизм 
610 1 |a мистика 
610 1 |a религия 
610 1 |a научные открытия 
610 1 |a смерть 
610 1 |a жизнь 
610 1 |a иллюзии 
610 1 |a человечество 
686 |a Э166  |2 rubbk 
686 |a Э210.23  |2 rubbk 
700 1 |a Комаров  |b В. Н.  |g Виктор Ноевич 
801 0 |a RU  |b RuMRKP  |c 19950704  |g psbo 
801 1 |a RU  |b 63413507  |c 20150122 
801 2 |a RU  |b 63413507  |c 20170511  |g RCR 
942 |c BK